[Event "Edinburgh Park op"]
[Site "Edinburgh"]
[Date "2024.03.22"]
[Round "1"]
[White "Burnett, Walter"]
[Black "King, Alexander1"]
[Result "0-1"]
[WhiteElo "1990"]
[BlackElo "1867"]
[PlyCount "136"]
[EventDate "2024.03.22"]
[EventType "swiss"]
[EventRounds "5"]
[EventCountry "SCO"]
[SourceTitle "CB15_2024"]
[SourceDate "2024.04.10"]
[SourceVersion "1"]
[SourceVersionDate "2024.04.10"]
[SourceQuality "1"]

1. f4 b6 2. Nf3 Bb7 3. e3 e6 4. Be2 f5 5. Nc3 Nf6 6. d3 Bb4 7. Bd2 d6 8. a3 Bxc3 9. Bxc3 Nbd7 10. 0-0 Qe7 11. b4 0-0 12. Qe1 h6 13. Nh4 Kh7 14. Qg3 Qf7 15. Kh1 g5 16. fxg5 hxg5 17. Nf3 Bxf3 18. Bxf3 Kg6 19. Rae1 Rae8 20. Bc6 Rh8 21. e4 Qh7 22. exf5+ exf5 23. Rxe8 Rxe8 24. Qf3 f4 25. g3 Re3 26. Qg2 fxg3 27. Bd4 Re7 28. Qxg3 Qh4 29. Qf3 Qxd4 30. Qf5+ Kh6 31. Rg1 Qh4 32. d4 Re2 33. h3 Qf4 34. Qxf4 gxf4 35. c4 Re3 36. Kh2 Rxa3 37. Rf1 Ra2+ 38. Kg1 Kg5 39. h4+ Kxh4 40. Rxf4+ Kg3 41. Rf3+ Kg4 42. Re3 Rd2 43. Ra3 Rxd4 44. Rxa7 Ne5 45. Bb5 Kg3 46. Kf1 Nf3 47. Ke2 Ng4 48. Ra2 Re4+ 49. Kd3 Re3+ 50. Kc2 Re2+ 51. Kb1 Rxa2 52. Kxa2 Nd4 53. Ba4 Ne5 54. c5 dxc5 55. bxc5 bxc5 56. Kb2 Kf3 57. Kc3 Ke3 58. Be8 Ne2+ 59. Kc2 Kd4 60. Bh5 Nf4 61. Be8 Nd5 62. Bh5 c4 63. Be2 c3 64. Kb3 Ne3 65. Bb5 c2 66. Kb2 Nd3+ 67. Bxd3 Kxd3 68. Kc1 Nf5 0-1

[Event "Edinburgh Park op"]
[Site "Edinburgh"]
[Date "2023.03.04"]
[Round "4"]
[White "Andal, Edmond"]
[Black "Burnett, Walter"]
[Result "1-0"]
[WhiteElo "1940"]
[BlackElo "1949"]
[PlyCount "125"]
[EventDate "2023.03.04"]
[EventType "swiss"]
[EventRounds "5"]
[EventCountry "SCO"]
[SourceTitle "CBM 213 Extra"]
[Source "ChessBase"]
[SourceDate "2023.05.31"]
[SourceVersion "1"]
[SourceVersionDate "2023.05.31"]
[SourceQuality "1"]

1. d4 d5 2. c4 e5 3. dxe5 d4 4. e4 Nc6 5. f4 Nge7 6. a3 a5 7. Bd3 Ng6 8. Nf3 Bg4 9. 0-0 Nh4 10. Nbd2 g5 11. Qb3 a4 12. Qxb7 Na5 13. Qd5 Nxf3+ 14. Nxf3 Qxd5 15. exd5 Nb3 16. Rb1 Nc5 17. Bc2 d3 18. Bd1 gxf4 19. Bxf4 Ne4 20. Be3 Bc5 21. Bxc5 Nxc5 22. Nd4 Rg8 23. Nb5 0-0-0 24. Rxf7 Ne4 25. Rf4 Nd2 26. Rc1 Bh3 27. g3 Rdf8 28. Kf2 Rxf4+ 29. gxf4 Rg2+ 30. Ke3 Bf5 31. Bxa4 Re2+ 32. Kd4 Nf3+ 33. Kc5 Rxb2 34. e6 Kd8 35. Na7 d2 36. Rc3 Bc2 37. Re3 Bxa4 38. e7+ Ke8 39. Rd3 d1Q 40. Rxd1 Bxd1 41. Nb5 Kxe7 42. Nxc7 Rb7 43. Kc6 Rb8 44. d6+ Kf7 45. c5 Nd4+ 46. Kd5 Nf5 47. c6 Bb3+ 48. Ke5 Ne3 49. Kd4 Rd8 50. Nb5 Nf5+ 51. Ke5 Be6 52. a4 Ne3 53. Kd4 Nd5 54. f5 Nf4 55. fxe6+ Nxe6+ 56. Ke5 Ra8 57. c7 Nc5 58. Kd5 Nd7 59. Kc6 Ke6 60. Nd4+ Ke5 61. Kxd7 Kxd4 62. c8Q Rxc8 63. Kxc8 1-0

[Event "Commonwealth-ch"]
[Site "Glasgow"]
[Date "2014.06.30"]
[Round "1"]
[White "Burnett, Walter"]
[Black "Scott, Christopher"]
[Result "1-0"]
[WhiteElo "1979"]
[BlackElo "1239"]
[PlyCount "129"]
[EventDate "2014.06.30"]
[EventType "swiss"]
[EventRounds "9"]
[EventCountry "SCO"]
[SourceTitle "CBM 161 Extra"]
[Source "ChessBase"]
[SourceDate "2014.08.29"]
[SourceVersion "1"]
[SourceVersionDate "2014.08.29"]
[SourceQuality "1"]

1. f4 d5 2. Nf3 g6 3. g3 Bg7 4. Bg2 Nh6 5. 0-0 0-0 6. d3 c5 7. c3 Nc6 8. Qc2 Qb6 9. Kh1 d4 10. e4 e5 11. fxe5 Ng4 12. Na3 Ncxe5 13. Nxe5 Nxe5 14. cxd4 cxd4 15. b3 Be6 16. Nc4 Qc7 17. Ba3 Rfd8 18. Rac1 Rac8 19. Qd2 Bxc4 20. bxc4 Ng4 21. Qe2 Ne3 22. Rf3 Bh6 23. Bh3 Rb8 24. Rb1 Qa5 25. Be7 Re8 26. Bd6 Rbd8 27. Rb5 Qc3 28. Bf4 Bxf4 29. gxf4 Re7 30. Rg3 Qc1+ 31. Rg1 Qc2 32. Qxc2 Nxc2 33. Kg2 Ne3+ 34. Kf3 b6 35. a4 Rb8 36. a5 Rc7 37. Rgb1 Kf8 38. c5 Ke7 39. cxb6 axb6 40. Rxb6 Rxb6 41. Rxb6 Ra7 42. a6 Kf8 43. Rb8+ Kg7 44. Bc8 Kh6 45. Bb7 Nc2 46. Ra8 Rxa8 47. Bxa8 Nb4 48. a7 Na6 49. Bb7 Nc7 50. a8Q Nxa8 51. Bxa8 f6 52. e5 f5 53. Bc6 Kg7 54. Ke2 h6 55. h4 Kf7 56. Bd5+ Kg7 57. Kd2 g5 58. fxg5 hxg5 59. hxg5 f4 60. e6 Kf8 61. g6 f3 62. g7+ Kxg7 63. e7 f2 64. Ke2 f1Q+ 65. Kxf1 1-0

[Event "Glenrothes op"]
[Site "Glenrothes"]
[Date "2013.03.17"]
[Round "5"]
[White "Roberts, Paul"]
[Black "Burnett, Walter"]
[Result "1-0"]
[WhiteElo "2221"]
[BlackElo "1983"]
[PlyCount "87"]
[EventDate "2013.03.15"]
[EventType "swiss"]
[EventRounds "5"]
[EventCountry "SCO"]
[SourceTitle "EXT 2023"]
[Source "ChessBase"]
[SourceDate "2022.10.05"]
[SourceVersion "1"]
[SourceVersionDate "2022.10.05"]
[SourceQuality "1"]

1. e4 c5 2. Nf3 d6 3. d4 Nf6 4. Nc3 cxd4 5. Nxd4 g6 6. g3 Bg7 7. Bg2 Nbd7 8. 0-0 h5 9. h3 a6 10. Bg5 Rb8 11. Rb1 Qc7 12. Nd5 Nxd5 13. exd5 Nf6 14. Re1 0-0 15. b3 Re8 16. c4 Qc5 17. Be3 Qc7 18. Rc1 e5 19. dxe6 fxe6 20. Qd3 e5 21. Qxg6 exd4 22. Bxd4 Qf7 23. Rxe8+ Qxe8 24. Qg5 Qf7 25. c5 dxc5 26. Be5 Ra8 27. Rxc5 Be6 28. Rc7 Nd7 29. f4 Nxe5 30. Rxf7 Nxf7 31. Qg6 Re8 32. f5 Bxf5 33. Qxf5 Re5 34. Qc8+ Bf8 35. Bxb7 Nd6 36. Bd5+ Kg7 37. Qc3 Kf6 38. Kg2 Nf5 39. Be4 Nd6 40. Qf3+ Kg7 41. Bc2 Be7 42. g4 h4 43. Qd3 Ne4 44. Qd4 1-0

[Event "SCO-ch 119th"]
[Site "Glasgow"]
[Date "2012.07.14"]
[Round "9"]
[White "Karlsson, Mikael Johann"]
[Black "Burnett, Walter"]
[Result "1-0"]
[WhiteElo "1929"]
[BlackElo "2015"]
[PlyCount "111"]
[EventDate "2012.07.07"]
[EventType "swiss"]
[EventRounds "9"]
[EventCountry "SCO"]
[SourceTitle "EXT 2023"]
[Source "ChessBase"]
[SourceDate "2022.10.05"]
[SourceVersion "1"]
[SourceVersionDate "2022.10.05"]
[SourceQuality "1"]

1. c4 g6 2. g3 Bg7 3. Bg2 f5 4. d4 Nf6 5. Nc3 0-0 6. Nf3 d6 7. 0-0 Qe8 8. b3 c6 9. Bb2 e5 10. d5 c5 11. Nb5 e4 12. Ng5 Qe7 13. h4 a6 14. Nc3 e3 15. f4 h6 16. Ne6 Rf7 17. Nxg7 Rxg7 18. Qd3 Ng4 19. Nd1 Rh7 20. Bh3 Qe8 21. Bxg4 fxg4 22. Qxe3 Qxe3+ 23. Nxe3 Re7 24. Kf2 b5 25. Rfe1 Bd7 26. Rac1 Re4 27. h5 g5 28. fxg5 Nc6 29. dxc6 Rf8+ 30. Kg1 Bxc6 31. Nd5 Bxd5 32. cxd5 Rf5 33. gxh6 Rxh5 34. Bg7 Rxd5 35. Rc2 b4 36. Rf1 Re3 37. Kg2 Rh5 38. Rf4 Rg5 39. Kf2 Re6 40. e4 Rh5 41. Kg2 Rg5 42. Rc1 Re8 43. Rcf1 d5 44. exd5 Rxd5 45. Rxg4 Re2+ 46. Kg1 Kh7 47. Rf2 Rdd2 48. Rxe2 Rxe2 49. Rc4 Rxa2 50. Rxc5 Ra3 51. g4 Rxb3 52. g5 Rg3+ 53. Kf2 Rg4 54. Bf6 b3 55. Rc7+ Kg6 56. h7 1-0

[Event "SCO-ch 118th"]
[Site "Edinburgh"]
[Date "2011.07.11"]
[Round "3"]
[White "Roberts, Paul"]
[Black "Burnett, Walter"]
[Result "1-0"]
[WhiteElo "2231"]
[BlackElo "2020"]
[PlyCount "62"]
[EventDate "2011.07.09"]
[EventType "swiss"]
[EventRounds "9"]
[EventCountry "SCO"]
[SourceTitle "CBM 143 Extra"]
[Source "ChessBase"]
[SourceDate "2011.08.29"]
[SourceVersion "1"]
[SourceVersionDate "2011.08.29"]
[SourceQuality "1"]

1. Nf3 g6 2. e4 Bg7 3. d4 c5 4. c3 cxd4 5. cxd4 d5 6. e5 Nh6 7. Nc3 Nc6 8. Be3 Nf5 9. Qd2 0-0 10. Bd3 Nxe3 11. fxe3 f6 12. exf6 exf6 13. 0-0 Bh6 14. Rae1 Bg4 15. Qd1 Rf7 16. Qb3 Be6 17. Kh1 f5 18. Bb5 Na5 19. Qd1 Bg7 20. Ne2 Bd7 21. Bd3 g5 22. Nc3 Bc6 23. b3 b6 24. Ng1 Qd7 25. Qh5 h6 26. g4 fxg4 27. Qg6 Re8 28. Qh7+ Kf8 29. Bg6 Rf6 30. Bxe8 Kxe8 31. Qg8+ Rf8 1-0

[Event "Edinburgh op"]
[Site "Edinburgh"]
[Date "2011.04.03"]
[Round "4"]
[White "Neave, George"]
[Black "Burnett, Walter"]
[Result "1-0"]
[WhiteElo "2142"]
[BlackElo "2039"]
[PlyCount "57"]
[EventDate "2011.04.01"]
[EventType "swiss"]
[EventRounds "5"]
[EventCountry "SCO"]
[SourceTitle "EXT 2013"]
[Source "ChessBase"]
[SourceDate "2012.11.22"]
[SourceVersion "1"]
[SourceVersionDate "2012.11.22"]
[SourceQuality "1"]

1. e4 g6 2. d4 Bg7 3. Nc3 c5 4. d5 Bxc3+ 5. bxc3 Qa5 6. Bd2 d6 7. c4 Qa4 8. Bd3 Nd7 9. f4 Ngf6 10. Nf3 b5 11. Qe2 bxc4 12. Bxc4 0-0 13. e5 Ne8 14. e6 Ndf6 15. exf7+ Rxf7 16. Bb5 Qxc2 17. Bxe8 Nxe8 18. Ng5 Rg7 19. 0-0 Qf5 20. Bc3 Nf6 21. h3 Bd7 22. Rad1 h5 23. Qa6 Bc8 24. Qc6 Kh8 25. Qxa8 Rg8 26. Qxa7 Bd7 27. Bxf6+ exf6 28. Nf7+ Kg7 29. Nxd6 1-0

[Event "Lothian-ch"]
[Site "Edinburgh"]
[Date "2010.10.10"]
[Round "4"]
[White "Burnett, Walter"]
[Black "Penrose, Oliver"]
[Result "1-0"]
[WhiteElo "1922"]
[BlackElo "2039"]
[PlyCount "53"]
[EventDate "2010.10.08"]
[EventType "swiss"]
[EventRounds "5"]
[EventCountry "SCO"]
[SourceTitle "EXT 2023"]
[Source "ChessBase"]
[SourceDate "2022.10.05"]
[SourceVersion "1"]
[SourceVersionDate "2022.10.05"]
[SourceQuality "1"]

1. e4 e5 2. Nc3 Nf6 3. g3 Bc5 4. Bg2 d6 5. Nge2 Nc6 6. d3 0-0 7. 0-0 Ne8 8. h3 a6 9. Kh2 f5 10. f4 Ba7 11. Nd5 Nf6 12. exf5 exf4 13. Nxf6+ Rxf6 14. Bxf4 Rxf5 15. c3 Kh8 16. d4 Bd7 17. Ng1 Qe7 18. Qd2 Re8 19. Rae1 Qd8 20. Bg5 Qc8 21. Nf3 Rxe1 22. Rxe1 Qg8 23. Nh4 Rf8 24. b3 Qf7 25. Qe2 Qf2 26. Rf1 Qxe2 27. Rxf8# 1-0

[Event "Perth op"]
[Site "Perth"]
[Date "2010.01.31"]
[Round "4"]
[White "Burnett, Walter"]
[Black "Shaw, John"]
[Result "0-1"]
[WhiteElo "1922"]
[BlackElo "2460"]
[PlyCount "102"]
[EventDate "2010.01.29"]
[EventType "swiss"]
[EventRounds "5"]
[EventCountry "SCO"]
[SourceTitle "EXT 2023"]
[Source "ChessBase"]
[SourceDate "2022.10.05"]
[SourceVersion "1"]
[SourceVersionDate "2022.10.05"]
[SourceQuality "1"]

1. Nf3 d5 2. g3 Bg4 3. Bg2 Nd7 4. d3 e5 5. h3 Bh5 6. 0-0 Ngf6 7. Nbd2 c6 8. e4 dxe4 9. dxe4 Be7 10. Qe1 0-0 11. Nh4 Re8 12. Nf5 Bf8 13. Nf3 Nc5 14. N3h4 Qc7 15. Bg5 Nfd7 16. g4 f6 17. Be3 Bf7 18. Kh1 Ne6 19. Rd1 Rad8 20. Qd2 Nb6 21. Qe2 Nf4 22. Bxf4 exf4 23. Nf3 Bc4 24. Rd3 Bxd3 25. cxd3 c5 26. b3 g6 27. N5h4 Rd6 28. Rg1 Red8 29. g5 Be7 30. Bf1 Nd7 31. Nf5 Re6 32. d4 Kf8 33. Qc4 Qb6 34. d5 Rd6 35. Nxd6 Qxd6 36. gxf6 Bxf6 37. Rg4 Re8 38. e5 Bxe5 39. Nxe5 Nxe5 40. Qxf4+ Kg7 41. Bg2 b5 42. Rg3 Nf7 43. Qxd6 Nxd6 44. Re3 Rxe3 45. fxe3 c4 46. bxc4 bxc4 47. Bf1 Kf6 48. Kg2 Ke5 49. Kf3 Kxd5 50. e4+ Kd4 51. Kf4 c3 0-1

[Event "SCO-ch"]
[Site "Edinburgh"]
[Date "2009.07.16"]
[Round "6"]
[White "Burnett, Walter"]
[Black "Grant, Jonathan"]
[Result "0-1"]
[WhiteElo "2018"]
[BlackElo "2254"]
[PlyCount "108"]
[EventDate "2009.07.11"]
[EventType "swiss"]
[EventRounds "9"]
[EventCountry "SCO"]
[SourceTitle "CBM 131 Extra"]
[Source "ChessBase"]
[SourceDate "2009.09.03"]
[SourceVersion "2"]
[SourceVersionDate "2009.09.16"]
[SourceQuality "1"]

1. e4 c6 2. d3 d5 3. Nd2 e5 4. Ngf3 Bd6 5. d4 exd4 6. Bd3 Bg4 7. exd5 Nf6 8. Qe2+ Qe7 9. Qxe7+ Bxe7 10. dxc6 Nxc6 11. a3 0-0 12. h3 Bh5 13. b4 a6 14. Bb2 Rfd8 15. 0-0-0 Nd5 16. g4 Bg6 17. Bxg6 fxg6 18. Rhe1 d3 19. c4 Nf4 20. Ng1 Bh4 21. Ne4 Nd4 22. Bxd4 Rxd4 23. Nd2 Bxf2 24. Kb2 Bxe1 25. Rxe1 Rd7 26. h4 Ng2 27. Re4 Nxh4 28. g5 Nf5 29. Ngf3 Rad8 30. Kc3 Ng3 31. Re6 Ne2+ 32. Kb2 Nd4 33. Nxd4 Rxd4 34. Kc3 Kf7 35. Re5 h5 36. a4 h4 37. b5 h3 38. Re3 Rh4 39. Rf3+ Ke6 40. Re3+ Kf7 41. Rf3+ Kg8 42. Rf1 h2 43. Rh1 axb5 44. axb5 b6 45. c5 bxc5 46. b6 Kf7 47. Nc4 Rxc4+ 48. Kxc4 d2 49. b7 Rb8 50. Kc3 Rxb7 51. Kxd2 Rb2+ 52. Kc3 Rg2 53. Kc4 Ke6 54. Kxc5 Kf5 0-1

[Event "SCO-ch"]
[Site "Edinburgh"]
[Date "2009.07.15"]
[Round "5"]
[White "Arakhamia Grant, Ketevan"]
[Black "Burnett, Walter"]
[Result "1-0"]
[WhiteElo "2506"]
[BlackElo "2018"]
[PlyCount "64"]
[EventDate "2009.07.11"]
[EventType "swiss"]
[EventRounds "9"]
[EventCountry "SCO"]
[SourceTitle "CBM 131 Extra"]
[Source "ChessBase"]
[SourceDate "2009.09.03"]
[SourceVersion "2"]
[SourceVersionDate "2009.09.16"]
[SourceQuality "1"]

1. e4 e5 2. Nf3 Nc6 3. Bc4 Be7 4. 0-0 d6 5. a4 g5 6. d3 g4 7. Ne1 Nf6 8. c3 Be6 9. Bxe6 fxe6 10. b4 a6 11. Na3 Kd7 12. b5 Na5 13. Rb1 axb5 14. axb5 b6 15. Nec2 h5 16. Qe2 Qg8 17. Ne3 h4 18. Nac4 Nxc4 19. Nxc4 Nh5 20. d4 Rf8 21. dxe5 g3 22. exd6 gxh2+ 23. Kh1 h3 24. gxh3 Bh4 25. Be3 Bxf2 26. Bxf2 Nf4 27. Qg4 Nxh3 28. Ne5+ Kc8 29. d7+ Kb7 30. Qxg8 Rhxg8 31. Bd4 Rxf1+ 32. Rxf1 Rh8 1-0

[Event "SCO-ch"]
[Site "Edinburgh"]
[Date "2009.07.13"]
[Round "3"]
[White "MacRae, James"]
[Black "Burnett, Walter"]
[Result "0-1"]
[WhiteElo "1765"]
[BlackElo "2018"]
[PlyCount "80"]
[EventDate "2009.07.11"]
[EventType "swiss"]
[EventRounds "9"]
[EventCountry "SCO"]
[SourceTitle "CBM 131 Extra"]
[Source "ChessBase"]
[SourceDate "2009.09.03"]
[SourceVersion "2"]
[SourceVersionDate "2009.09.16"]
[SourceQuality "1"]

1. d4 d5 2. Nf3 Nc6 3. c3 Bg4 4. Bf4 f6 5. h3 Bh5 6. g4 Bf7 7. Nbd2 g5 8. Bg3 h5 9. gxh5 Rxh5 10. Bg2 Qd7 11. e4 e6 12. Qe2 0-0-0 13. b4 Re8 14. a4 Nh6 15. a5 g4 16. hxg4 Rxh1+ 17. Bxh1 Nxg4 18. b5 Nb8 19. b6 axb6 20. axb6 cxb6 21. c4 Bb4 22. Qd3 Nc6 23. Kf1 Bg6 24. c5 Qh7 25. Nh4 Bxd2 26. Qxd2 Bxe4 27. Bg2 Bxg2+ 28. Kxg2 Qe4+ 29. Kg1 Qxd4 30. Qxd4 Nxd4 31. Ra2 e5 32. Kg2 Kd7 33. Ra4 Kc6 34. f3 Ne3+ 35. Kf2 Nec2 36. Ng2 Kxc5 37. Ne3 Nxe3 38. Kxe3 Nf5+ 39. Kf2 Nxg3 40. Kxg3 Rg8+ 0-1

[Event "SCO-ch 115th"]
[Site "Glasgow"]
[Date "2008.06.13"]
[Round "9"]
[White "Coleman, Robbie"]
[Black "Burnett, Walter"]
[Result "1-0"]
[WhiteElo "2018"]
[BlackElo "2035"]
[PlyCount "22"]
[EventDate "2008.06.05"]
[EventType "swiss"]
[EventRounds "9"]
[EventCountry "SCO"]
[SourceTitle "EXT 2009"]
[Source "ChessBase"]
[SourceDate "2008.11.26"]
[SourceVersion "1"]
[SourceVersionDate "2008.11.26"]
[SourceQuality "1"]

1. e4 e5 2. Nf3 Nc6 3. Bb5 f5 4. Nc3 Nf6 5. d4 Nxd4 6. Nxd4 exd4 7. Qxd4 c6 8. e5 Ne4 9. Nxe4 fxe4 10. Be2 Qa5+ 11. Bd2 Qd5 1-0

[Event "SCO-ch 115th"]
[Site "Glasgow"]
[Date "2008.06.08"]
[Round "4"]
[White "Burnett, Walter"]
[Black "Brunello, Sabino"]
[Result "0-1"]
[WhiteElo "2035"]
[BlackElo "2475"]
[PlyCount "50"]
[EventDate "2008.06.05"]
[EventType "swiss"]
[EventRounds "9"]
[EventCountry "SCO"]
[SourceTitle "EXT 2009"]
[Source "ChessBase"]
[SourceDate "2008.11.26"]
[SourceVersion "1"]
[SourceVersionDate "2008.11.26"]
[SourceQuality "1"]

1. Nf3 Nf6 2. g3 d5 3. Bg2 e6 4. 0-0 Be7 5. d3 c5 6. Nbd2 Nc6 7. c3 b6 8. e4 Ba6 9. Qa4 Qc8 10. e5 Nd7 11. Qg4 0-0 12. c4 Ndxe5 13. Nxe5 Nxe5 14. Qe2 Qc7 15. Re1 Bf6 16. f4 Nc6 17. cxd5 exd5 18. Bxd5 Rad8 19. Be4 Rfe8 20. Nc4 Nb4 21. Rd1 Bxc4 22. Bxh7+ Kxh7 23. Qh5+ Kg8 24. dxc4 Rxd1+ 25. Qxd1 Bd4+ 0-1

[Event "East of Scotland"]
[Site "Grangemouth"]
[Date "2008.05.31"]
[Round "3"]
[White "Burnett, Walter"]
[Black "Neave, George"]
[Result "0-1"]
[WhiteElo "1916"]
[BlackElo "2193"]
[PlyCount "74"]
[EventDate "2008.05.30"]
[EventType "swiss"]
[EventRounds "5"]
[EventCountry "SCO"]
[SourceTitle "EXT 2010"]
[Source "ChessBase"]
[SourceDate "2010.11.25"]
[SourceVersion "1"]
[SourceVersionDate "2010.11.25"]
[SourceQuality "1"]

1. Nf3 Nf6 2. g3 g6 3. Bg2 Bg7 4. 0-0 0-0 5. d3 d5 6. Nbd2 c5 7. e4 dxe4 8. dxe4 Nc6 9. c3 e5 10. Qe2 h6 11. Rd1 Qc7 12. Nc4 Be6 13. Nh4 Rad8 14. Be3 b6 15. f4 exf4 16. Bxf4 Qe7 17. Ne3 Nh5 18. Nhf5 Bxf5 19. Nxf5 Qe6 20. Bd6 Rfe8 21. Nxg7 Nxg7 22. Bc7 Rxd1+ 23. Qxd1 Re7 24. Bf4 Rd7 25. Qf1 Rd8 26. Re1 g5 27. Bc7 Rc8 28. Rd1 Rxc7 29. Qd3 Rc8 30. Qa6 Ne8 31. b3 Nf6 32. Re1 Rd8 33. Qb7 Qd7 34. Qa6 Qd2 35. Qf1 Qxc3 36. Kh1 Ng4 37. Bh3 Nce5 0-1

[Event "East of Scotland"]
[Site "Grangemouth"]
[Date "2008.05.30"]
[Round "1"]
[White "Irving, Neil"]
[Black "Burnett, Walter"]
[Result "0-1"]
[WhiteElo "1707"]
[BlackElo "1916"]
[PlyCount "54"]
[EventDate "2008.05.30"]
[EventType "swiss"]
[EventRounds "5"]
[EventCountry "SCO"]
[SourceTitle "EXT 2010"]
[Source "ChessBase"]
[SourceDate "2010.11.25"]
[SourceVersion "1"]
[SourceVersionDate "2010.11.25"]
[SourceQuality "1"]

1. Nf3 c5 2. c4 g6 3. d4 cxd4 4. Nxd4 Bg7 5. e4 Qb6 6. Nb5 a6 7. Be3 Qa5+ 8. N5c3 Nc6 9. Be2 Rb8 10. 0-0 b5 11. cxb5 axb5 12. Qb3 Ba6 13. Nd5 e6 14. Nf4 Nf6 15. Nd2 0-0 16. Rfd1 Ne5 17. Bc5 Rfc8 18. Bd6 Nc4 19. Bxc4 bxc4 20. Qxb8 Rxb8 21. Bxb8 Qb6 22. Be5 Ng4 23. Bxg7 Nxf2 24. Nf3 Kxg7 25. Rxd7 Nh3+ 26. Kh1 Qg1+ 27. Rxg1 Nf2# 0-1